00506nam a2200157Ia 4500008004100000020001800041082001400059100003800073245004600111250000800157260007000165300002300235500001900258600002100277650005000298240925s9999 xx 000 0 und d a9780070601659 a006.6 XIA aXiang, Zhigang ; Plastock, Roy A. 0aSchaums Outlines Series Computer Graphics a2nd aNew Delhi:bMcGraw Hill Education (India) Private Limitedc,2014. a843p.b0fOriginal aIncludes Index aComputer Science aComputer science, information & general works